Procesos y técnicas de construcción / (Registro nro. 63101)

Detalles MARC
000 -LEADER
campo de control de longitud fija 02396cam a22004454i 4500
003 - IDENTIFICADOR DE NÚMERO DE CONTROL
campo de control PE-LiUPU
005 - FECHA Y HORA DE LA ÚLTIMA TRANSACCIÓN
campo de control 20251010110611.0
008 - DATOS DE LONGITUD FIJA--INFORMACIÓN GENERAL
campo de control de longitud fija 1806s2018 co a rb 000 0 spa d
020 ## - NÚMERO INTERNACIONAL ESTÁNDAR DEL LIBRO
Número Internacional Estándar del Libro 9789587784350
Información calificativa (Edición Colombia)
020 ## - NÚMERO INTERNACIONAL ESTÁNDAR DEL LIBRO
Número Internacional Estándar del Libro 9789561421240
Información calificativa (Edición Chile)
035 ## - NÚMERO DE CONTROL DEL SISTEMA
Número de control de sistema PE-LiUPU000016
040 ## - FUENTE DE CATALOGACIÓN
Centro catalogador/agencia de origen PE-LiUPU
Lengua de catalogación spa
Centro/agencia transcriptor PE-LiUPU
Normas de descripción rda
041 0# - CÓDIGO DE IDIOMA
Código de lengua del texto/banda sonora o título independiente spa
082 04 - NÚMERO DE LA CLASIFICACIÓN DECIMAL DEWEY
Número de clasificación 690.068
Cutter S688p
Número de edición 23
100 1# - ENTRADA PRINCIPAL--NOMBRE DE PERSONA
Nombre de persona Solminihac T., Hernán de
Término indicativo de función/relación autor
9 (RLIN) 138
245 10 - MENCIÓN DEL TÍTULO
Título Procesos y técnicas de construcción /
Mención de responsabilidad, etc. por Hernán de Solminihac T. y Guillermo Thenoux Z. ; con la colaboración de Javier Castro S.
250 ## - MENCION DE EDICION
Mención de edición Sexta edición.
264 #1 - PRODUCCIÓN, PUBLICACIÓN, DISTRIBUCIÓN, FABRICACIÓN Y COPYRIGHT
Producción, publicación, distribución, fabricación y copyright Bogotá, Colombia :
Nombre del de productor, editor, distribuidor, fabricante Alfaomega ;
Producción, publicación, distribución, fabricación y copyright Santiago, Chile :
Nombre del de productor, editor, distribuidor, fabricante Ediciones Universidad Católica de Chile,
Fecha de producción, publicación, distribución, fabricación o copyright junio de 2018.
300 ## - DESCRIPCIÓN FÍSICA
Extensión 543 páginas :
Otras características físicas ilustraciones ;
Dimensiones 28 cm.
336 ## - TIPO DE CONTENIDO
Término de tipo de contenido text
Fuente rdacontent
337 ## - TIPO DE MEDIO
Nombre/término del tipo de medio unmediated
Fuente rdamedia
338 ## - TIPO DE SOPORTE
Nombre/término del tipo de soporte volume
Fuente rdacarrier
500 ## - NOTA GENERAL
Nota general Impreso en Colombia en los talleres de Carvajal S.A.
504 ## - NOTA DE BIBLIOGRAFÍA, ETC.
Nota de bibliografía, etc. Incluye bibliografía (p. 529) y anexo de factores de conversión (p. 535).
505 0# - NOTA DE CONTENIDO CON FORMATO
Nota de contenido con formato Industria de la construcción -- Gestión de la construcción -- Emplazamiento de una obra de construcción -- Tecnologías de construcción -- Otros componentes de una edificación -- Bibliografía -- Anexo -- Índice temático.
520 ## - RESUMEN, ETC.
Sumario, etc. Texto formativo que introduce los conceptos, técnicas y procesos fundamentales en la gestión y ejecución de proyectos de construcción. Aborda desde la planificación y presupuestación hasta los distintos sistemas constructivos, con especial énfasis en edificación. Incluye normativa y ejercicios aplicados.
650 #0 - PUNTO DE ACCESO ADICIONAL DE MATERIA--TÉRMINO DE MATERIA
Término de materia o nombre geográfico como elemento de entrada Construcción
Subdivisión general Técnicas.
9 (RLIN) 7112
650 24 - PUNTO DE ACCESO ADICIONAL DE MATERIA--TÉRMINO DE MATERIA
Término de materia o nombre geográfico como elemento de entrada Ingeniería civil
Subdivisión general Manuales, etc.
9 (RLIN) 6871
650 24 - PUNTO DE ACCESO ADICIONAL DE MATERIA--TÉRMINO DE MATERIA
Término de materia o nombre geográfico como elemento de entrada Proyectos de construcción
Subdivisión general Planificación.
9 (RLIN) 7113
650 24 - PUNTO DE ACCESO ADICIONAL DE MATERIA--TÉRMINO DE MATERIA
Término de materia o nombre geográfico como elemento de entrada Gestión de proyectos de construcción.
9 (RLIN) 7114
700 ## - ENTRADA AGREGADA--NOMBRE PERSONAL
Nombre de persona Thenoux Z., Guillermo,
Término indicativo de función/relación autor.
9 (RLIN) 7115
700 ## - ENTRADA AGREGADA--NOMBRE PERSONAL
Nombre de persona Castro S., Javier,
Término indicativo de función/relación colaborador.
9 (RLIN) 7116
710 ## - ENTRADA AGREGADA--NOMBRE DE ENTIDAD CORPORATIVA
Nombre de entidad corporativa o nombre de jurisdicción como elemento de entrada Ediciones Universidad Católica de Chile,
Término indicativo de función/relación editor.
9 (RLIN) 7117
710 ## - ENTRADA AGREGADA--NOMBRE DE ENTIDAD CORPORATIVA
Nombre de entidad corporativa o nombre de jurisdicción como elemento de entrada Alfaomega Colombiana S.A.,
Término indicativo de función/relación editor.
9 (RLIN) 7118
710 ## - ENTRADA AGREGADA--NOMBRE DE ENTIDAD CORPORATIVA
Nombre de entidad corporativa o nombre de jurisdicción como elemento de entrada Carvajal S.A.,
Término indicativo de función/relación impresor.
9 (RLIN) 7119
856 40 - LOCALIZACIÓN Y ACCESO ELECTRÓNICOS
Identificador Uniforme de Recursos <a href="https://www.alfaomega.com.co">https://www.alfaomega.com.co</a>
Nota pública Sitio web del editor.
942 ## - ELEMENTOS DE ENTRADA SECUNDARIOS (KOHA)
Fuente del sistema de clasificación o colocación Clasificación Decimal Dewey
Tipo de ítem Koha Libros físicos
980 ## - EQUIVALENCIA O REFERENCIA-CRUZADA-MENCIÓN DE SERIE--NOMBRE DE PERSONA/TÍTULO [LOCAL, CANADÁ]
ID del último usuario que modificó el registro 18226
Nombre del último usuario que modificó el registro Jaime Vilcazán Jefe de Análisis Documental
Existencias
Visto por última vez Total de préstamos Signatura topográfica completa Código de barras Copia número Coste, precio de reemplazo Fecha de reemplazo Facultad Tipo de ítem Koha Estado de pérdida Fuente del sistema de clasificación o colocación Restricciones de uso No para préstamo Colección Programa académico Biblioteca de origen Biblioteca actual Ubicación en estantería Fecha de adquisición Fuente de adquisición Coste, precio normal de compra
2026-03-19   690.068 S688p 82810 e1 35.00 2025-10-09 FIA Libros físicos No Perdido Clasificación Decimal Dewey No restringido Disponible para préstamos Colección General Arquitectura Biblioteca CRAI UPeU Lima Biblioteca CRAI UPeU Lima Sala principal 2025-10-09 COMPRA 30.00